000 00453nam a2200169Ia 4500
003 GCL
008 140319s9999 xx 000 0 eng d
040 _aGCL /
_cGCL
082 0 4 _a306
_bS I
100 1 _aSTRINATI, DOMINIC
245 1 0 _aAN INTRODUCTION TO THEORIES OF POPULAR CULTURE /
_cSTRINATI, DOMINIC
260 _a[S.N] :
_bROUTLEDGE ،
_c1995
300 _a301 P
650 0 4 _aPOPULAR - CULTURE
650 0 4 _aMASS - CULTURE
942 _2ddc
_cBK
999 _c23851
_d23851